[Event "BCF-chT3Sa 1920 (4NCL)"]
[Site "England"]
[Date "2019.11.10"]
[Round "2.16"]
[White "McLeod, Fraser Neil"]
[Black "Alcock, Graham P"]
[Result "1/2-1/2"]
[WhiteElo "2041"]
[BlackElo "1810"]
[PlyCount "95"]
[EventDate "2019.11.09"]
[EventType "team-tourn"]
[EventRounds "11"]
[EventCountry "ENG"]
[SourceTitle "EXT 2023"]
[Source "ChessBase"]
[SourceDate "2022.10.05"]
[SourceVersion "1"]
[SourceVersionDate "2022.10.05"]
[SourceQuality "1"]
[WhiteTeam "Wessex"]
[BlackTeam "Surbiton"]
[WhiteTeamCountry "ENG"]
[BlackTeamCountry "ENG"]

1. c4 Nf6 2. Nc3 c5 3. g3 Nc6 4. Bg2 g6 5. d3 Bg7 6. e4 d6 7. Nge2 e5 8. h3 Bd7 9. Be3 Nd4 10. 0-0 h5 11. Bg5 Ne6 12. Bxf6 Bxf6 13. Nd5 Nd4 14. Nxd4 cxd4 15. Qd2 Be6 16. Qb4 Bxd5 17. cxd5 Qd7 18. Rac1 0-0 19. Kh2 Bg5 20. Qc4 a5 21. Qb3 Rfc8 22. Rxc8+ Qxc8 23. h4 Bf6 24. Bh3 Qb8 25. Rc1 Kg7 26. Qb5 Qa7 27. Rc7 Rd8 28. Be6 Rf8 29. Qd7 Qb6 30. Bxf7 Rd8 31. Rxb7 Rxd7 32. Rxb6 Rxf7 33. Rxd6 Be7 34. Re6 Bc5 35. Kg2 Rb7 36. b3 a4 37. bxa4 Ra7 38. Rxe5 Rxa4 39. Re6 Kf7 40. Rc6 Ra5 41. Rc7+ Ke8 42. Rc6 Bb4 43. Rxg6 Rxa2 44. Rf6 Rd2 45. Rf3 Ra2 46. Rf5 Rd2 47. Rf3 Re2 48. Rf5 1/2-1/2

[Event "BCF-chT3S 1718 (4NCL) Promotion pool"]
[Site "England"]
[Date "2018.03.25"]
[Round "8.26"]
[White "Brown, Alan M"]
[Black "McLeod, Fraser Neil"]
[Result "1/2-1/2"]
[WhiteElo "1966"]
[BlackElo "2083"]
[PlyCount "63"]
[EventDate "2017.11.11"]
[EventType "team-tourn"]
[EventRounds "11"]
[EventCountry "ENG"]
[SourceTitle "EXT 2020"]
[Source "ChessBase"]
[SourceDate "2019.10.17"]
[SourceVersion "1"]
[SourceVersionDate "2019.10.17"]
[SourceQuality "1"]
[WhiteTeam "MK Phoenix"]
[BlackTeam "Wessex"]
[WhiteTeamCountry "ENG"]
[BlackTeamCountry "ENG"]

1. d4 Nf6 2. c4 g6 3. Nc3 Bg7 4. e4 d6 5. Be2 0-0 6. Bg5 Nbd7 7. Nf3 c5 8. d5 a6 9. 0-0 Rb8 10. a4 h6 11. Bd2 Re8 12. Rb1 e6 13. Re1 b6 14. h3 Kh7 15. Qc2 Re7 16. Bf4 e5 17. Be3 Nf8 18. Nh2 Ne8 19. Bg4 Nc7 20. b4 Bxg4 21. hxg4 Nd7 22. Red1 Ne8 23. f3 Nef6 24. Qf2 Ng8 25. Qh4 f6 26. Qf2 Rf7 27. Qc2 Rf8 28. Nf1 Qe7 29. bxc5 bxc5 30. Rxb8 Rxb8 31. Rb1 Qd8 32. Rb3 1/2-1/2

[Event "IECG CP.2002.Q.00013 email"]
[Site "IECG email"]
[Date "2003.10.01"]
[Round "?"]
[White "McLeod, Fraser Neil"]
[Black "Farnik, Kym"]
[Result "1/2-1/2"]
[WhiteElo "2051"]
[BlackElo "1844"]
[PlyCount "74"]
[EventDate "2003.10.01"]
[EventType "tourn (corr)"]
[EventRounds "10"]
[SourceTitle "Corr 2008"]
[Source "ChessBase"]
[SourceDate "2008.06.24"]
[SourceVersion "1"]
[SourceVersionDate "2008.06.24"]
[SourceQuality "1"]

1. d4 Nf6 2. c4 g6 3. Nc3 d5 4. cxd5 Nxd5 5. e4 Nxc3 6. bxc3 Bg7 7. Nf3 c5 8. Be3 Qa5 9. Qd2 Nc6 10. Rc1 cxd4 11. cxd4 Qxd2+ 12. Kxd2 0-0 13. d5 Rd8 14. Ke1 Na5 15. Bg5 Kf8 16. Bd3 f5 17. Ke2 fxe4 18. Bxe4 Bd7 19. Rc5 b6 20. d6 exd6 21. Bxd8 Rxd8 22. Rc7 d5 23. Bd3 Re8+ 24. Kd2 Bh6+ 25. Kc3 Bg7+ 26. Kb4 Re7 27. h3 Ke8 28. Ka3 Bf8 29. Kb2 Bg7+ 30. Kb1 Nc6 31. Re1 Rxe1+ 32. Nxe1 Kd8 33. Rb7 Bd4 34. f3 a6 35. Nc2 Bc5 36. a4 a5 37. Kc1 Ne7 1/2-1/2

[Event "IECG CP.2002.Q.00013 email"]
[Site "IECG email"]
[Date "2003.10.01"]
[Round "?"]
[White "McLeod, Fraser Neil"]
[Black "MacDonald, David G"]
[Result "1/2-1/2"]
[WhiteElo "2051"]
[BlackElo "2121"]
[PlyCount "64"]
[EventDate "2003.10.01"]
[EventType "tourn (corr)"]
[EventRounds "10"]
[SourceTitle "Corr 2008"]
[Source "ChessBase"]
[SourceDate "2008.06.24"]
[SourceVersion "1"]
[SourceVersionDate "2008.06.24"]
[SourceQuality "1"]

1. d4 d5 2. c4 Nc6 3. Nc3 dxc4 4. d5 Ne5 5. Qd4 Ng6 6. e4 e5 7. Qxc4 Bd6 8. Nf3 Nf6 9. Be2 a6 10. 0-0 0-0 11. a4 b5 12. Qd3 b4 13. Nb1 Qe7 14. g3 Bb7 15. Bg5 h6 16. Bxf6 Qxf6 17. Nbd2 c6 18. Rac1 Ne7 19. dxc6 Nxc6 20. Nc4 Bc5 21. Ne3 Nd4 22. Rxc5 Nxf3+ 23. Kg2 Rad8 24. Rd5 Nd4 25. Rxd8 Rxd8 26. f3 Qg5 27. h4 Qe7 28. Rd1 Bc8 29. Bf1 a5 30. Nc4 Qc7 31. Qe3 Qd7 32. Kf2 Qc7 1/2-1/2

[Event "IECG CP.2002.P.00055 email"]
[Site "IECG email"]
[Date "2002.10.01"]
[Round "?"]
[White "McLeod, Fraser Neil"]
[Black "Fazilleau, Jerome"]
[Result "1/2-1/2"]
[WhiteElo "2052"]
[BlackElo "1924"]
[PlyCount "55"]
[EventDate "2002.10.01"]
[EventType "tourn (corr)"]
[EventRounds "6"]
[EventCountry "FRA"]
[SourceTitle "Corr 2008"]
[Source "ChessBase"]
[SourceDate "2008.06.24"]
[SourceVersion "1"]
[SourceVersionDate "2008.06.24"]
[SourceQuality "1"]

1. d4 Nf6 2. c4 g6 3. Nc3 Bg7 4. e4 d6 5. f3 0-0 6. Bg5 c5 7. d5 h6 8. Be3 e6 9. Qd2 exd5 10. cxd5 Re8 11. Nge2 h5 12. Nf4 a6 13. a4 Nbd7 14. Be2 Ne5 15. 0-0 b6 16. b3 Ra7 17. Nd3 Nxd3 18. Bxd3 Nd7 19. Rab1 Rc7 20. Rfc1 Qe7 21. b4 f5 22. bxc5 bxc5 23. Bg5 Qf7 24. exf5 gxf5 25. Ne2 Ne5 26. Nf4 Nxd3 27. Qxd3 Be5 28. Rc2 1/2-1/2

[Event "IECG CP.2002.P.00055 email"]
[Site "IECG email"]
[Date "2002.10.01"]
[Round "?"]
[White "Vodanovic, Boris"]
[Black "McLeod, Fraser Neil"]
[Result "0-1"]
[WhiteElo "800"]
[BlackElo "2052"]
[PlyCount "48"]
[EventDate "2002.10.01"]
[EventType "tourn (corr)"]
[EventRounds "6"]
[EventCountry "FRA"]
[SourceTitle "Corr 2008"]
[Source "ChessBase"]
[SourceDate "2008.06.24"]
[SourceVersion "1"]
[SourceVersionDate "2008.06.24"]
[SourceQuality "1"]

1. e4 c5 2. Nf3 d6 3. d4 cxd4 4. Qxd4 Nc6 5. Bb5 Bd7 6. Bxc6 Bxc6 7. 0-0 Nf6 8. Nc3 g6 9. Re1 Bg7 10. Nd5 0-0 11. Nxf6+ Bxf6 12. Qd3 Qc7 13. Bh6 Bxb2 14. Bxf8 Bxa1 15. Bh6 Bf6 16. h3 Rc8 17. c4 Bd7 18. Be3 Qxc4 19. Qxc4 Rxc4 20. Bxa7 Ra4 21. Bb8 Rxa2 22. e5 dxe5 23. Nxe5 Be6 24. Bc7 b5 0-1

[Event "IECG CP.2000.P.00018"]
[Site "IECG email"]
[Date "2000.10.01"]
[Round "?"]
[White "Bartsch, Christian"]
[Black "McLeod, Fraser Neil"]
[Result "0-1"]
[WhiteElo "1754"]
[BlackElo "1983"]
[PlyCount "36"]
[EventDate "2000.10.01"]
[EventType "tourn (corr)"]
[EventRounds "6"]
[EventCountry "ENG"]
[SourceTitle "Corr 2008"]
[Source "ChessBase"]
[SourceDate "2008.06.24"]
[SourceVersion "1"]
[SourceVersionDate "2008.06.24"]
[SourceQuality "1"]

1. b4 e5 2. Bb2 Bxb4 3. Bxe5 Nf6 4. c4 0-0 5. e3 d5 6. cxd5 Nxd5 7. Qc2 Re8 8. Nf3 Nc6 9. Bb2 Bg4 10. Bd3 Bxf3 11. Bxh7+ Kh8 12. gxf3 Qh4 13. Be4 Nxe3 14. Qd3 Ng2+ 15. Kd1 Rad8 16. Qb5 Rxe4 17. fxe4 Qxf2 18. Kc1 Nf4 0-1

[Event "IECG CP.2000.P.00018"]
[Site "IECG email"]
[Date "2000.10.01"]
[Round "?"]
[White "Holmberg, Per Arne"]
[Black "McLeod, Fraser Neil"]
[Result "1/2-1/2"]
[WhiteElo "1297"]
[BlackElo "1983"]
[PlyCount "46"]
[EventDate "2000.10.01"]
[EventType "tourn (corr)"]
[EventRounds "6"]
[EventCountry "ENG"]
[SourceTitle "Corr 2008"]
[Source "ChessBase"]
[SourceDate "2008.06.24"]
[SourceVersion "1"]
[SourceVersionDate "2008.06.24"]
[SourceQuality "1"]

1. e4 c5 2. Nc3 Nc6 3. g3 g6 4. Nge2 Bg7 5. Bg2 Rb8 6. a4 a6 7. d3 b5 8. axb5 axb5 9. Be3 b4 10. Na4 d6 11. d4 cxd4 12. Nxd4 Bb7 13. 0-0 Nxd4 14. Bxd4 Nf6 15. Nb6 0-0 16. Nd5 e6 17. Nxf6+ Bxf6 18. Ra4 Ba8 19. f4 Bxd4+ 20. Qxd4 Qb6 21. c3 bxc3 22. bxc3 f5 23. Rb4 Qc5 1/2-1/2

[Event "IECG CP.2000.P.00018"]
[Site "IECG email"]
[Date "2000.10.01"]
[Round "?"]
[White "McLeod, Fraser Neil"]
[Black "Patterson, Stephen J"]
[Result "1-0"]
[WhiteElo "1983"]
[BlackElo "1192"]
[PlyCount "49"]
[EventDate "2000.10.01"]
[EventType "tourn (corr)"]
[EventRounds "6"]
[EventCountry "ENG"]
[SourceTitle "Corr 2008"]
[Source "ChessBase"]
[SourceDate "2008.06.24"]
[SourceVersion "1"]
[SourceVersionDate "2008.06.24"]
[SourceQuality "1"]

1. d4 Nf6 2. c4 g6 3. Nc3 Bg7 4. e4 d6 5. f3 0-0 6. Bg5 Nbd7 7. Qd2 Re8 8. Nge2 c5 9. d5 Ne5 10. Nc1 a6 11. Be2 Qc7 12. 0-0 e6 13. a4 Rb8 14. N1a2 Qb6 15. f4 Ned7 16. e5 dxe5 17. fxe5 Nh5 18. g4 f6 19. Be3 Nxe5 20. gxh5 gxh5 21. b4 Nd7 22. Bxh5 Rd8 23. bxc5 Nxc5 24. Qd4 Nxa4 25. Qxb6 1-0

[Event "IECG CP.1998.Q.00012"]
[Site "IECG email"]
[Date "1999.??.??"]
[Round "?"]
[White "Escera, Carlos"]
[Black "McLeod, Fraser Neil"]
[Result "1/2-1/2"]
[WhiteElo "1845"]
[BlackElo "2001"]
[PlyCount "52"]
[EventDate "1999.10.01"]
[EventType "tourn (corr)"]
[EventRounds "8"]
[EventCountry "SUI"]
[SourceTitle "Corr 2008"]
[Source "ChessBase"]
[SourceDate "2008.06.24"]
[SourceVersion "1"]
[SourceVersionDate "2008.06.24"]
[SourceQuality "1"]

1. e4 c5 2. Nf3 d6 3. Bb5+ Bd7 4. Bxd7+ Qxd7 5. Nc3 Nc6 6. d3 g6 7. 0-0 Bg7 8. Be3 Nf6 9. e5 Ng4 10. exd6 Nxe3 11. fxe3 exd6 12. d4 Rd8 13. Qd2 0-0 14. Rad1 Qc8 15. Nd5 f5 16. c4 Rde8 17. Nf4 b6 18. b3 Re7 19. d5 Ne5 20. Ne6 Rfe8 21. Nfg5 Bh6 22. Rde1 Qd7 23. h4 b5 24. e4 fxe4 25. Rxe4 Qc8 26. Ref4 bxc4 1/2-1/2

[Event "IECG CP.1998.Q.00012"]
[Site "IECG email"]
[Date "1999.??.??"]
[Round "?"]
[White "Mascioni, Vania D"]
[Black "McLeod, Fraser Neil"]
[Result "1-0"]
[WhiteElo "2315"]
[BlackElo "2001"]
[PlyCount "67"]
[EventDate "1999.10.01"]
[EventType "tourn (corr)"]
[EventRounds "8"]
[EventCountry "SUI"]
[SourceTitle "Corr 2008"]
[Source "ChessBase"]
[SourceDate "2008.06.24"]
[SourceVersion "1"]
[SourceVersionDate "2008.06.24"]
[SourceQuality "1"]

1. e4 c5 2. c3 Nf6 3. e5 Nd5 4. d4 cxd4 5. cxd4 d6 6. Nf3 e6 7. Bc4 Be7 8. 0-0 0-0 9. Qe2 Nc6 10. Qe4 Re8 11. Bd2 Ndb4 12. exd6 Qxd6 13. Nc3 Na5 14. Bb5 Rd8 15. Rac1 Bd7 16. Ng5 f5 17. Qe2 Nac6 18. Bxc6 Qxc6 19. Nce4 Qb5 20. Qh5 Bxg5 21. Nxg5 h6 22. Qf7+ Kh8 23. Rc5 Qa6 24. Bxb4 hxg5 25. Re1 Qa4 26. Rc7 Qxb4 27. Re3 g4 28. Rcc3 Qxc3 29. bxc3 Bc6 30. Qxe6 Rf8 31. h3 Rae8 32. Qd6 gxh3 33. d5 Bb5 34. Qb4 1-0

[Event "IECG CP.1998.P.00060"]
[Site "IECG email"]
[Date "1998.10.01"]
[Round "?"]
[White "Borst, John C"]
[Black "McLeod, Fraser Neil"]
[Result "1/2-1/2"]
[WhiteElo "1842"]
[BlackElo "2014"]
[PlyCount "56"]
[EventDate "1998.10.01"]
[EventType "tourn (corr)"]
[EventRounds "6"]
[EventCountry "USA"]
[SourceTitle "Corr 2008"]
[Source "ChessBase"]
[SourceDate "2008.06.24"]
[SourceVersion "1"]
[SourceVersionDate "2008.06.24"]
[SourceQuality "1"]

1. e4 c6 2. d4 d5 3. exd5 cxd5 4. c4 Nf6 5. Nc3 Nc6 6. Nf3 Bg4 7. cxd5 Nxd5 8. Qb3 Bxf3 9. gxf3 e6 10. Qxb7 Nxd4 11. Bb5+ Nxb5 12. Qc6+ Ke7 13. Qxb5 Qd7 14. Nxd5+ Qxd5 15. Qxd5 exd5 16. Be3 Ke6 17. 0-0-0 Bb4 18. Kb1 Rhc8 19. Rd3 Bc5 20. Rg1 g6 21. Rgd1 Bxe3 22. fxe3 Rc5 23. a3 f5 24. b4 Rb8 25. Kb2 g5 26. Rd4 a5 27. h4 h6 28. Kb3 Rb7 1/2-1/2

[Event "IECG CP.1998.P.00060"]
[Site "IECG email"]
[Date "1998.10.01"]
[Round "?"]
[White "Peck, Anthony"]
[Black "McLeod, Fraser Neil"]
[Result "0-1"]
[WhiteElo "1600"]
[BlackElo "2014"]
[PlyCount "76"]
[EventDate "1998.10.01"]
[EventType "tourn (corr)"]
[EventRounds "6"]
[EventCountry "USA"]
[SourceTitle "Corr 2008"]
[Source "ChessBase"]
[SourceDate "2008.06.24"]
[SourceVersion "1"]
[SourceVersionDate "2008.06.24"]
[SourceQuality "1"]

1. d4 Nf6 2. c4 e6 3. Nf3 b6 4. Nc3 Bb7 5. a3 d5 6. cxd5 Nxd5 7. Qc2 Nxc3 8. Qxc3 Nd7 9. Bg5 Be7 10. Bxe7 Kxe7 11. g3 Nf6 12. Bg2 Qd6 13. 0-0 Rhc8 14. b4 c5 15. Rad1 cxb4 16. Qxb4 Rc7 17. Rc1 Rac8 18. Rxc7+ Rxc7 19. Qa4 Bd5 20. e3 a5 21. Ne5 Rc3 22. Ra1 Qc7 23. Bxd5 Nxd5 24. e4 Nf6 25. f3 Ne8 26. Qd1 f6 27. Ng4 Qc4 28. Nf2 b5 29. f4 Nd6 30. g4 h6 31. e5 Nc8 32. f5 Qd5 33. exf6+ Kxf6 34. Qe1 Rc4 35. fxe6 Qxd4 36. Rd1 Qc5 37. Kg2 Qc6+ 38. Kf1 b4 0-1

[Event "IECG CP.1997.S.00006"]
[Site "IECG email"]
[Date "1998.??.??"]
[Round "?"]
[White "McLeod, Fraser Neil"]
[Black "Isaacson, David"]
[Result "1/2-1/2"]
[WhiteElo "2014"]
[BlackElo "1740"]
[PlyCount "71"]
[EventDate "1998.11.20"]
[EventType "tourn (corr)"]
[EventRounds "10"]
[SourceTitle "Corr 2008"]
[Source "ChessBase"]
[SourceDate "2008.06.24"]
[SourceVersion "1"]
[SourceVersionDate "2008.06.24"]
[SourceQuality "1"]

1. e4 c5 2. Nf3 d6 3. d4 cxd4 4. Nxd4 Nf6 5. Nc3 a6 6. f4 Qc7 7. Nf3 Nbd7 8. Bd3 g6 9. 0-0 Bg7 10. Qe1 b5 11. e5 dxe5 12. fxe5 Ng4 13. e6 fxe6 14. Qh4 Nde5 15. Nxe5 Nxe5 16. Be4 Bb7 17. Bxb7 Qxb7 18. Bh6 Bxh6 19. Qxh6 Qb6+ 20. Kh1 Ng4 21. Qh4 Nf6 22. Ne4 0-0 23. Ng5 Nh5 24. Qe4 Rac8 25. Nxe6 Rxf1+ 26. Rxf1 Nf6 27. Qe2 Rc6 28. Nf4 Qc5 29. c3 e5 30. Nd3 Qc4 31. h3 e4 32. Nc1 e3 33. Rd1 Re6 34. Rd4 Qc7 35. Qd3 Qe5 36. Ne2 1/2-1/2

[Event "IECG CP.1997.S.00006"]
[Site "IECG email"]
[Date "1998.??.??"]
[Round "?"]
[White "Von Wersch, Oliver"]
[Black "McLeod, Fraser Neil"]
[Result "1/2-1/2"]
[WhiteElo "2122"]
[BlackElo "2014"]
[PlyCount "58"]
[EventDate "1998.11.20"]
[EventType "tourn (corr)"]
[EventRounds "10"]
[SourceTitle "Corr 2008"]
[Source "ChessBase"]
[SourceDate "2008.06.24"]
[SourceVersion "1"]
[SourceVersionDate "2008.06.24"]
[SourceQuality "1"]

1. d4 Nf6 2. c4 e6 3. Nc3 Bb4 4. e3 c5 5. a3 Bxc3+ 6. bxc3 b6 7. Bd3 Nc6 8. Nf3 d6 9. 0-0 e5 10. e4 h6 11. d5 Ne7 12. Ne1 g5 13. g3 Ng6 14. Ng2 Qe7 15. a4 a5 16. Rb1 Rb8 17. Re1 Bh3 18. Ne3 Kd8 19. Qf3 Kc7 20. Nf5 Bxf5 21. exf5 Nf8 22. Qd1 N8d7 23. Qb3 Kb7 24. Qb5 Ka7 25. Re2 Ne8 26. Reb2 Ng7 27. Be3 Nf6 28. f3 Rhe8 29. Qc6 Rec8 1/2-1/2